[Event "Deutsche Ländermeisterschaft 2018"]
[Site "Würzburg GER"]
[Date "2018.10.07"]
[Round "7"]
[White "Neukirchner, Pascal"]
[Black "Färber, David"]
[Result "1-0"]
[Termination "normal"]
[Board "1.2"]
[WhiteTitle "FM"]
[WhiteElo "2294"]
[BlackElo "2291"]
[WhiteClock "00:46:36"]
[BlackClock "00:26:50"]
[WhiteTeam "Hessen"]
[BlackTeam "Baden 1"]
[PlyCount "51"]
[WhiteFideId "12997927"]
[BlackFideId "12971294"]
[EventCountry "GER"]
[EventRounds "7"]
[EventType "team-swiss"]
[EventDate "2018.10.02"]

1. d4 {[%clk 1:30:58]} d5 {[%clk 1:30:33]} 2. c4 {[%clk 1:31:21]} e6 {[%clk
1:30:53]} 3. Nf3 {[%clk 1:31:30]} a6 {[%clk 1:31:12]} 4. cxd5 {[%clk 1:25:10]}
exd5 {[%clk 1:31:33]} 5. Nc3 {[%clk 1:25:05]} c6 {[%clk 1:31:20]} 6. Bf4 {[%clk
1:23:14]} Bd6 {[%clk 1:31:04]} 7. Bxd6 {[%clk 1:18:48]} Qxd6 {[%clk 1:29:28]}
8. e4 {[%clk 1:19:13]} dxe4 {[%clk 1:19:28]} 9. Nxe4 {[%clk 1:19:22]} Qe7
{[%clk 1:15:49]} 10. Qe2 {[%clk 1:16:48]} Be6 {[%clk 1:14:41]} 11. Nc5 {[%clk
1:14:43]} Nd7 {[%clk 1:12:47]} 12. Nxe6 {[%clk 1:12:13]} fxe6 {[%clk 1:11:54]}
13. g3 {[%clk 1:10:55]} O-O-O {[%clk 0:56:18]} 14. Bh3 {[%clk 1:05:35]} Qb4+
{[%clk 0:53:19]} 15. Qd2 {[%clk 1:01:35]} Qb5 {[%clk 0:51:24]} 16. Ng5 {[%clk
0:51:10]} Nh6 {[%clk 0:44:45]} 17. Nxe6 {[%clk 0:48:06]} Rde8 {[%clk 0:36:58]}
18. O-O-O {[%clk 0:47:05]} Kb8 {[%clk 0:30:16]} 19. Rhe1 {[%clk 0:45:04]} Qh5
{[%clk 0:25:51]} 20. Nxg7 {[%clk 0:45:07]} Qxh3 {[%clk 0:25:43]} 21. Rxe8+
{[%clk 0:45:19]} Rxe8 {[%clk 0:26:08]} 22. Nxe8 {[%clk 0:45:42]} Qxh2 {[%clk
0:26:22]} 23. Qf4+ {[%clk 0:45:33]} Ka7 {[%clk 0:26:31]} 24. Qc7 {[%clk
0:45:53]} Nb6 {[%clk 0:26:26]} 25. Nd6 {[%clk 0:46:12]} Nd5 {[%clk 0:26:50]}
26. Qxb7# {[%clk 0:46:36]} 1-0

[Event "Deutsche Ländermeisterschaft 2018"]
[Site "Würzburg GER"]
[Date "2018.10.07"]
[Round "7"]
[White "Schmider, Niklas"]
[Black "Krastev, Alexander"]
[Result "0-1"]
[Termination "normal"]
[Board "1.3"]
[WhiteElo "2190"]
[BlackElo "2298"]
[WhiteClock "00:01:42"]
[BlackClock "00:09:25"]
[WhiteTeam "Baden 1"]
[BlackTeam "Hessen"]
[PlyCount "70"]
[WhiteFideId "12993778"]
[BlackFideId "12989983"]
[EventCountry "GER"]
[EventRounds "7"]
[EventType "team-swiss"]
[EventDate "2018.10.02"]

1. e4 {[%clk 1:30:58]} e5 {[%clk 1:30:53]} 2. Nf3 {[%clk 1:31:11]} Nc6 {[%clk
1:31:17]} 3. Bb5 {[%clk 1:31:33]} a6 {[%clk 1:31:41]} 4. Ba4 {[%clk 1:31:59]}
Nf6 {[%clk 1:32:04]} 5. d3 {[%clk 1:32:22]} b5 {[%clk 1:32:19]} 6. Bb3 {[%clk
1:32:48]} Bc5 {[%clk 1:32:42]} 7. Nc3 {[%clk 1:32:37]} d6 {[%clk 1:31:19]} 8.
Nd5 {[%clk 1:32:58]} h6 {[%clk 1:31:28]} 9. c3 {[%clk 1:33:14]} Be6 {[%clk
1:31:22]} 10. O-O {[%clk 1:24:56]} Bxd5 {[%clk 1:31:12]} 11. exd5 {[%clk
1:24:41]} Ne7 {[%clk 1:31:37]} 12. d4 {[%clk 1:20:39]} exd4 {[%clk 1:32:01]}
13. Nxd4 {[%clk 1:21:04]} Qd7 {[%clk 1:32:27]} 14. Be3 {[%clk 0:49:42]} O-O
{[%clk 0:59:58]} 15. Nc2 {[%clk 0:40:05]} Nf5 {[%clk 0:55:58]} 16. Bf4 {[%clk
0:38:12]} Rae8 {[%clk 0:54:27]} 17. Qf3 {[%clk 0:35:12]} Re4 {[%clk 0:38:03]}
18. Rae1 {[%clk 0:28:27]} Rfe8 {[%clk 0:38:01]} 19. g3 {[%clk 0:18:05]} Nh4
{[%clk 0:29:21]} 20. gxh4 {[%clk 0:16:01]} Qf5 {[%clk 0:29:34]} 21. Rxe4 {[%clk
0:15:05]} Rxe4 {[%clk 0:29:51]} 22. Ne3 {[%clk 0:14:38]} Qxf4 {[%clk 0:30:10]}
23. Qxf4 {[%clk 0:14:10]} Rxf4 {[%clk 0:30:35]} 24. Re1 {[%clk 0:09:33]} Rxh4
{[%clk 0:26:12]} 25. Ng2 {[%clk 0:07:52]} Rh5 {[%clk 0:23:09]} 26. Nf4 {[%clk
0:06:22]} Rf5 {[%clk 0:23:23]} 27. Nd3 {[%clk 0:06:45]} Bb6 {[%clk 0:23:46]}
28. c4 {[%clk 0:04:39]} Ng4 {[%clk 0:14:50]} 29. Re2 {[%clk 0:03:34]} Kf8
{[%clk 0:09:51]} 30. cxb5 {[%clk 0:02:14]} axb5 {[%clk 0:10:14]} 31. a4 {[%clk
0:02:17]} bxa4 {[%clk 0:10:13]} 32. Bxa4 {[%clk 0:02:41]} Nf6 {[%clk 0:10:21]}
33. Bc6 {[%clk 0:02:55]} g6 {[%clk 0:09:46]} 34. Nb4 {[%clk 0:02:58]} Rf4
{[%clk 0:09:46]} 35. Nc2 {[%clk 0:01:42]} Ne4 {[%clk 0:09:25]} 0-1

[Event "Deutsche Ländermeisterschaft 2018"]
[Site "Würzburg GER"]
[Date "2018.10.07"]
[Round "7"]
[White "Laux, Dominik"]
[Black "Basovskiy, Jana"]
[Result "1-0"]
[Termination "normal"]
[Board "1.6"]
[WhiteElo "1987"]
[BlackElo "1772"]
[WhiteClock "00:06:35"]
[BlackClock "00:13:36"]
[WhiteTeam "Hessen"]
[BlackTeam "Baden 1"]
[PlyCount "113"]
[WhiteFideId "12994219"]
[BlackFideId "16208617"]
[EventCountry "GER"]
[EventRounds "7"]
[EventType "team-swiss"]
[EventDate "2018.10.02"]

1. d4 {[%clk 1:30:47]} d5 {[%clk 1:30:57]} 2. Bf4 {[%clk 1:31:11]} Nf6 {[%clk
1:31:19]} 3. e3 {[%clk 1:31:35]} e6 {[%clk 1:31:45]} 4. Nf3 {[%clk 1:31:45]} c5
{[%clk 1:32:08]} 5. c3 {[%clk 1:31:58]} Nc6 {[%clk 1:32:19]} 6. Nbd2 {[%clk
1:31:33]} Bd6 {[%clk 1:32:38]} 7. dxc5 {[%clk 1:30:25]} Bxc5 {[%clk 1:28:58]}
8. Bd3 {[%clk 1:30:11]} O-O {[%clk 1:18:53]} 9. O-O {[%clk 1:28:16]} Re8 {[%clk
1:15:10]} 10. e4 {[%clk 1:26:59]} e5 {[%clk 1:04:52]} 11. Bg3 {[%clk 1:21:02]}
Bg4 {[%clk 0:56:25]} 12. Qc2 {[%clk 1:15:04]} Rc8 {[%clk 0:48:34]} 13. exd5
{[%clk 1:04:52]} Nb4 {[%clk 0:36:27]} 14. Bxh7+ {[%clk 0:52:09]} Nxh7 {[%clk
0:35:07]} 15. Qa4 {[%clk 0:52:20]} Bd7 {[%clk 0:31:23]} 16. Qb3 {[%clk
0:50:58]} Nd3 {[%clk 0:25:07]} 17. c4 {[%clk 0:40:17]} Nf4 {[%clk 0:24:40]} 18.
Rfe1 {[%clk 0:36:28]} f6 {[%clk 0:15:24]} 19. a3 {[%clk 0:29:16]} Qb6 {[%clk
0:13:13]} 20. Qc2 {[%clk 0:28:20]} a5 {[%clk 0:12:21]} 21. Rab1 {[%clk
0:25:13]} Qc7 {[%clk 0:06:10]} 22. b4 {[%clk 0:21:15]} axb4 {[%clk 0:06:39]}
23. axb4 {[%clk 0:21:35]} Bf8 {[%clk 0:07:07]} 24. Bxf4 {[%clk 0:16:00]} exf4
{[%clk 0:07:30]} 25. Rec1 {[%clk 0:13:10]} b6 {[%clk 0:05:14]} 26. Qb3 {[%clk
0:12:30]} Bf5 {[%clk 0:03:21]} 27. Rb2 {[%clk 0:12:08]} Qf7 {[%clk 0:02:49]}
28. Nd4 {[%clk 0:11:41]} Bd7 {[%clk 0:02:47]} 29. Rbc2 {[%clk 0:11:12]} Ng5
{[%clk 0:02:17]} 30. N4f3 {[%clk 0:07:07]} Nxf3+ {[%clk 0:02:03]} 31. Nxf3
{[%clk 0:07:30]} Bg4 {[%clk 0:02:16]} 32. Nd4 {[%clk 0:07:15]} Qe7 {[%clk
0:01:57]} 33. h3 {[%clk 0:07:03]} Bd7 {[%clk 0:01:37]} 34. c5 {[%clk 0:04:25]}
bxc5 {[%clk 0:02:05]} 35. bxc5 {[%clk 0:04:49]} Red8 {[%clk 0:01:31]} 36. c6
{[%clk 0:02:00]} Be8 {[%clk 0:01:53]} 37. c7 {[%clk 0:00:51]} Rd7 {[%clk
0:01:26]} 38. d6+ {[%clk 0:00:46]} Qf7 {[%clk 0:00:45]} 39. Qb8 {[%clk
0:01:02]} Rxb8 {[%clk 0:00:34]} 40. cxb8=Q {[%clk 0:01:23]} Bxd6 {[%clk
0:25:40]} 41. Qb3 {[%clk 0:00:31]} Rb7 42. Qxf7+ {[%clk 0:29:24]} Bxf7 {[%clk
0:25:02]} 43. Rc8+ {[%clk 0:26:48]} Kh7 {[%clk 0:24:54]} 44. Rd1 {[%clk
0:23:17]} Rb2 {[%clk 0:20:51]} 45. Nf5 {[%clk 0:16:07]} Be5 {[%clk 0:14:40]}
46. Rd7 {[%clk 0:06:29]} Kg6 {[%clk 0:14:09]} 47. Nh4+ {[%clk 0:06:33]} Kg5
{[%clk 0:14:01]} 48. Rxf7 {[%clk 0:06:24]} Kxh4 {[%clk 0:13:22]} 49. Rxg7
{[%clk 0:06:46]} Rb8 {[%clk 0:13:24]} 50. Rxb8 {[%clk 0:07:03]} Bxb8 51. Kf1
{[%clk 0:06:15]} Be5 {[%clk 0:13:24]} 52. Ke2 {[%clk 0:06:26]} Bd6 {[%clk
0:12:51]} 53. Kf3 {[%clk 0:06:40]} Be5 {[%clk 0:13:06]} 54. Ke4 {[%clk
0:05:29]} Kh5 {[%clk 0:13:17]} 55. Kf5 {[%clk 0:05:47]} Kh6 {[%clk 0:13:18]}
56. Rg6+ {[%clk 0:06:12]} Kh7 {[%clk 0:13:36]} 57. Rxf6 {[%clk 0:06:35]} 1-0

[Event "Deutsche Ländermeisterschaft 2018"]
[Site "Würzburg GER"]
[Date "2018.10.07"]
[Round "7"]
[White "Knüdel, Torben"]
[Black "Roseneck, Jonas"]
[Result "1/2-1/2"]
[Termination "normal"]
[Board "2.3"]
[WhiteElo "2135"]
[BlackElo "2262"]
[WhiteClock "00:32:13"]
[BlackClock "00:29:29"]
[WhiteTeam "Niedersachsen"]
[BlackTeam "Sachsen-Anhalt"]
[PlyCount "87"]
[WhiteFideId "16208820"]
[BlackFideId "12939870"]
[EventCountry "GER"]
[EventRounds "7"]
[EventType "team-swiss"]
[EventDate "2018.10.02"]

1. e4 {[%clk 1:30:58]} e5 {[%clk 1:30:55]} 2. Nf3 {[%clk 1:30:59]} Nc6 {[%clk
1:31:19]} 3. Bb5 {[%clk 1:31:04]} a6 {[%clk 1:31:44]} 4. Ba4 {[%clk 1:31:19]}
Nf6 {[%clk 1:32:09]} 5. O-O {[%clk 1:31:39]} Be7 {[%clk 1:32:33]} 6. Re1 {[%clk
1:32:04]} b5 {[%clk 1:32:57]} 7. Bb3 {[%clk 1:32:31]} d6 {[%clk 1:33:22]} 8. c3
{[%clk 1:32:52]} O-O {[%clk 1:33:48]} 9. h3 {[%clk 1:33:19]} Na5 {[%clk
1:34:14]} 10. Bc2 {[%clk 1:33:44]} c5 {[%clk 1:34:42]} 11. d4 {[%clk 1:33:12]}
Nd7 {[%clk 1:35:07]} 12. Nbd2 {[%clk 1:25:29]} exd4 {[%clk 1:35:16]} 13. cxd4
{[%clk 1:25:49]} Nc6 {[%clk 1:35:42]} 14. a4 {[%clk 1:18:42]} Bb7 {[%clk
1:28:44]} 15. Nf1 {[%clk 1:06:50]} cxd4 {[%clk 1:24:06]} 16. Nxd4 {[%clk
1:05:18]} Nxd4 {[%clk 1:24:22]} 17. Qxd4 {[%clk 1:05:44]} Qc7 {[%clk 1:23:37]}
18. Ne3 {[%clk 0:55:37]} Bf6 {[%clk 1:23:19]} 19. Qb4 {[%clk 0:52:22]} bxa4
{[%clk 1:02:07]} 20. Qxa4 {[%clk 0:43:58]} Rac8 {[%clk 0:33:38]} 21. Qa3 {[%clk
0:30:47]} Bd4 {[%clk 0:25:44]} 22. Bd3 {[%clk 0:21:23]} Nc5 {[%clk 0:24:54]}
23. Nd5 {[%clk 0:18:24]} Bxd5 {[%clk 0:24:18]} 24. exd5 {[%clk 0:18:53]} Qb6
{[%clk 0:24:43]} 25. Be3 {[%clk 0:12:18]} Qxb2 {[%clk 0:13:39]} 26. Qxb2 {[%clk
0:09:35]} Bxb2 {[%clk 0:13:17]} 27. Bxa6 {[%clk 0:07:59]} Bxa1 {[%clk 0:03:15]}
28. Bxc8 {[%clk 0:07:59]} Bc3 {[%clk 0:03:36]} 29. Rc1 {[%clk 0:08:07]} Ne4
{[%clk 0:02:32]} 30. Bf5 {[%clk 0:06:06]} Bd2 {[%clk 0:03:01]} 31. Rc6 {[%clk
0:04:30]} Bxe3 {[%clk 0:03:05]} 32. Bxe4 {[%clk 0:04:19]} Bc5 {[%clk 0:03:29]}
33. Bf5 {[%clk 0:03:26]} g6 {[%clk 0:03:55]} 34. Bd7 {[%clk 0:03:39]} Kg7
{[%clk 0:04:22]} 35. Rc8 {[%clk 0:04:02]} Rxc8 {[%clk 0:04:44]} 36. Bxc8 {[%clk
0:04:26]} Kf6 {[%clk 0:05:10]} 37. Kf1 {[%clk 0:04:05]} Ke5 {[%clk 0:05:34]}
38. Bb7 {[%clk 0:04:30]} h5 {[%clk 0:05:34]} 39. g3 {[%clk 0:03:45]} g5 {[%clk
0:02:30]} 40. Ke2 {[%clk 0:03:37]} Ke4 {[%clk 0:02:57]} 41. Bc6 {[%clk
0:03:39]} h4 {[%clk 0:01:11]} 42. f3+ {[%clk 0:02:15]} Ke5 {[%clk 0:29:10]} 43.
gxh4 {[%clk 0:31:53]} gxh4 {[%clk 0:29:29]} 44. Kf1 {[%clk 0:32:13]} 1/2-1/2

[Event "Deutsche Ländermeisterschaft 2018"]
[Site "Würzburg GER"]
[Date "2018.10.07"]
[Round "7"]
[White "Hartge, Gedeon"]
[Black "Schulze, Lara"]
[Result "1/2-1/2"]
[Termination "normal"]
[Board "2.4"]
[BlackTitle "WFM"]
[WhiteElo "2214"]
[BlackElo "2066"]
[WhiteClock "00:25:52"]
[BlackClock "00:01:21"]
[WhiteTeam "Sachsen-Anhalt"]
[BlackTeam "Niedersachsen"]
[PlyCount "81"]
[WhiteFideId "12932116"]
[BlackFideId "12956830"]
[EventCountry "GER"]
[EventRounds "7"]
[EventType "team-swiss"]
[EventDate "2018.10.02"]

1. d4 {[%clk 1:30:57]} Nf6 {[%clk 1:30:59]} 2. c4 {[%clk 1:31:20]} e6 {[%clk
1:31:26]} 3. Nc3 {[%clk 1:31:46]} Bb4 {[%clk 1:31:47]} 4. e3 {[%clk 1:32:11]}
O-O {[%clk 1:32:10]} 5. Bd3 {[%clk 1:32:21]} d5 {[%clk 1:32:30]} 6. a3 {[%clk
1:32:46]} Bxc3+ {[%clk 1:31:30]} 7. bxc3 {[%clk 1:33:10]} c5 {[%clk 1:30:52]}
8. cxd5 {[%clk 1:32:58]} exd5 {[%clk 1:30:47]} 9. Ne2 {[%clk 1:33:23]} b6
{[%clk 1:28:41]} 10. O-O {[%clk 1:33:41]} Ba6 {[%clk 1:27:49]} 11. f3 {[%clk
1:32:35]} Bxd3 {[%clk 1:22:17]} 12. Qxd3 {[%clk 1:32:59]} Re8 {[%clk 1:22:26]}
13. Ng3 {[%clk 1:32:28]} Nc6 {[%clk 1:18:04]} 14. Bb2 {[%clk 1:30:37]} h5
{[%clk 0:58:38]} 15. Rae1 {[%clk 1:26:33]} g6 {[%clk 0:52:48]} 16. Nh1 {[%clk
1:16:34]} Qc7 {[%clk 0:44:41]} 17. e4 {[%clk 1:05:40]} dxe4 {[%clk 0:42:31]}
18. fxe4 {[%clk 1:05:16]} Ng4 {[%clk 0:42:43]} 19. e5 {[%clk 1:05:08]} Rad8
{[%clk 0:41:26]} 20. Qg3 {[%clk 0:58:18]} cxd4 {[%clk 0:31:39]} 21. cxd4 {[%clk
0:58:35]} Nxd4 {[%clk 0:28:58]} 22. Bxd4 {[%clk 0:58:36]} Rxd4 {[%clk 0:26:40]}
23. e6 {[%clk 0:59:05]} Qxg3 {[%clk 0:23:38]} 24. exf7+ {[%clk 0:59:29]} Kh7
{[%clk 0:23:57]} 25. Nxg3 {[%clk 0:58:46]} Rf8 {[%clk 0:24:20]} 26. Re7 {[%clk
0:47:04]} Kg7 {[%clk 0:18:39]} 27. Rxa7 {[%clk 0:29:23]} Nh6 {[%clk 0:15:18]}
28. Rb7 {[%clk 0:16:04]} Rxf7 {[%clk 0:14:52]} 29. Rfxf7+ {[%clk 0:16:17]} Nxf7
{[%clk 0:15:20]} 30. Rxb6 {[%clk 0:16:25]} Ne5 {[%clk 0:12:03]} 31. Rb1 {[%clk
0:08:41]} h4 {[%clk 0:09:14]} 32. Nf1 {[%clk 0:08:05]} h3 {[%clk 0:04:33]} 33.
Rb7+ {[%clk 0:04:16]} Kh6 {[%clk 0:03:43]} 34. Ra7 {[%clk 0:04:16]} Rg4 {[%clk
0:02:00]} 35. Ng3 {[%clk 0:02:34]} hxg2 {[%clk 0:01:30]} 36. Kxg2 {[%clk
0:02:59]} Rc4 {[%clk 0:01:45]} 37. Nf1 {[%clk 0:01:11]} Rg4+ {[%clk 0:01:14]}
38. Ng3 {[%clk 0:01:25]} Rc4 {[%clk 0:01:35]} 39. Nf1 {[%clk 0:00:54]} Rg4+
{[%clk 0:02:00]} 40. Kf2 {[%clk 0:00:32]} Rf4+ {[%clk 0:01:21]} 41. Kg2 {[%clk
0:25:52]} 1/2-1/2

[Event "Deutsche Ländermeisterschaft 2018"]
[Site "Würzburg GER"]
[Date "2018.10.07"]
[Round "7"]
[White "Pubantz, Jan"]
[Black "Zeuner, Ole"]
[Result "1-0"]
[Termination "normal"]
[Board "2.5"]
[WhiteElo "2084"]
[BlackElo "1865"]
[WhiteClock "00:13:06"]
[BlackClock "00:00:39"]
[WhiteTeam "Niedersachsen"]
[BlackTeam "Sachsen-Anhalt"]
[PlyCount "83"]
[WhiteFideId "12996114"]
[BlackFideId "12943576"]
[EventCountry "GER"]
[EventRounds "7"]
[EventType "team-swiss"]
[EventDate "2018.10.02"]

1. d4 {[%clk 1:30:57]} Nf6 2. c4 e6 {[%clk 1:31:13]} 3. Nf3 Bb4+ 4. Bd2 Be7 5.
g3 {[%clk 1:31:35]} O-O 6. Bg2 c5 {[%clk 1:29:11]} 7. O-O {[%clk 1:23:25]} Nc6
{[%clk 1:27:22]} 8. Bc3 {[%clk 1:05:42]} d5 {[%clk 1:18:32]} 9. dxc5 {[%clk
1:00:15]} dxc4 {[%clk 1:15:53]} 10. Qc2 {[%clk 0:57:41]} Qc7 {[%clk 1:08:44]}
11. Na3 {[%clk 0:54:35]} Nd5 {[%clk 1:06:24]} 12. Nb5 {[%clk 0:50:04]} Qb8
{[%clk 1:04:17]} 13. Bd2 {[%clk 0:48:12]} a6 {[%clk 0:59:35]} 14. Nbd4 {[%clk
0:46:59]} Nxd4 {[%clk 0:55:19]} 15. Nxd4 {[%clk 0:47:24]} Bxc5 {[%clk 0:54:11]}
16. Qxc4 {[%clk 0:47:30]} Qd6 {[%clk 0:42:27]} 17. Nb3 {[%clk 0:44:02]} Bb6
{[%clk 0:38:51]} 18. e4 {[%clk 0:42:04]} Qc7 {[%clk 0:37:25]} 19. Qe2 {[%clk
0:40:43]} Nf6 {[%clk 0:36:36]} 20. Rac1 {[%clk 0:35:14]} Qd8 {[%clk 0:34:59]}
21. Bb4 {[%clk 0:28:30]} Re8 {[%clk 0:35:16]} 22. Rfd1 {[%clk 0:28:45]} Bd7
{[%clk 0:32:22]} 23. e5 {[%clk 0:20:54]} Nd5 {[%clk 0:30:20]} 24. Bxd5 {[%clk
0:21:12]} exd5 {[%clk 0:30:46]} 25. Rxd5 {[%clk 0:21:34]} Bb5 {[%clk 0:28:36]}
26. Rxd8 {[%clk 0:15:14]} Bxe2 {[%clk 0:28:54]} 27. Rxa8 {[%clk 0:15:39]} Rxa8
{[%clk 0:29:19]} 28. Ba5 {[%clk 0:15:11]} Bxa5 {[%clk 0:23:04]} 29. Nxa5 {[%clk
0:15:36]} Bf3 {[%clk 0:23:07]} 30. Rc3 {[%clk 0:14:40]} Bd5 {[%clk 0:20:50]}
31. f4 {[%clk 0:14:53]} b6 {[%clk 0:15:45]} 32. Nc4 {[%clk 0:15:01]} Bxc4
{[%clk 0:14:43]} 33. Rxc4 {[%clk 0:15:27]} Kf8 {[%clk 0:13:25]} 34. Kf2 {[%clk
0:15:14]} Ra7 {[%clk 0:05:17]} 35. Rc6 {[%clk 0:15:13]} Rb7 {[%clk 0:05:24]}
36. Ke3 {[%clk 0:15:32]} Ke7 {[%clk 0:05:04]} 37. Ke4 {[%clk 0:15:14]} Kd7
{[%clk 0:01:52]} 38. Kd5 {[%clk 0:15:07]} a5 {[%clk 0:00:53]} 39. f5 {[%clk
0:14:58]} Ke7 {[%clk 0:00:31]} 40. Rd6 {[%clk 0:13:13]} g6 {[%clk 0:00:31]} 41.
f6+ {[%clk 0:12:53]} Ke8 {[%clk 0:00:39]} 42. e6 {[%clk 0:13:06]} 1-0

[Event "Deutsche Ländermeisterschaft 2018"]
[Site "Würzburg GER"]
[Date "2018.10.07"]
[Round "7"]
[White "Böhm, Jana"]
[Black "Kageler, Anton Paul"]
[Result "1-0"]
[Termination "normal"]
[Board "2.7"]
[WhiteElo "2001"]
[BlackElo "1459"]
[WhiteClock "01:10:25"]
[BlackClock "00:28:57"]
[WhiteTeam "Niedersachsen"]
[BlackTeam "Sachsen-Anhalt"]
[PlyCount "85"]
[WhiteFideId "24661589"]
[BlackFideId "16244850"]
[EventCountry "GER"]
[EventRounds "7"]
[EventType "team-swiss"]
[EventDate "2018.10.02"]

1. e4 {[%clk 1:30:58]} c5 {[%clk 1:30:55]} 2. Nf3 {[%clk 1:31:25]} d6 {[%clk
1:31:15]} 3. d4 {[%clk 1:31:51]} cxd4 {[%clk 1:31:41]} 4. Nxd4 {[%clk 1:32:17]}
Nf6 {[%clk 1:32:04]} 5. Nc3 {[%clk 1:32:43]} g6 {[%clk 1:32:16]} 6. Be3 {[%clk
1:32:29]} Bg7 {[%clk 1:32:23]} 7. f3 {[%clk 1:32:51]} O-O {[%clk 1:32:13]} 8.
Qd2 {[%clk 1:33:16]} Nc6 {[%clk 1:31:41]} 9. O-O-O {[%clk 1:33:39]} Nxd4 {[%clk
1:27:26]} 10. Bxd4 {[%clk 1:33:22]} Be6 {[%clk 1:26:36]} 11. Kb1 {[%clk
1:29:47]} Qc7 {[%clk 1:25:59]} 12. h4 {[%clk 1:29:48]} Rfc8 {[%clk 1:25:07]}
13. h5 {[%clk 1:28:32]} Qa5 {[%clk 1:22:02]} 14. a3 {[%clk 1:27:12]} Nxh5
{[%clk 1:14:01]} 15. Bxg7 {[%clk 1:26:33]} Kxg7 16. g4 {[%clk 1:22:00]} Nf6
{[%clk 1:10:22]} 17. Qh6+ {[%clk 1:18:36]} Kg8 {[%clk 1:08:46]} 18. Nd5 {[%clk
1:13:08]} Bxd5 {[%clk 1:05:26]} 19. exd5 {[%clk 1:13:14]} Qc5 {[%clk 1:01:43]}
20. Bd3 {[%clk 1:12:51]} Qd4 {[%clk 0:36:00]} 21. Bxg6 {[%clk 1:11:02]} Qxd1+
{[%clk 0:34:31]} 22. Rxd1 {[%clk 1:11:25]} fxg6 {[%clk 0:34:54]} 23. Qe3 {[%clk
1:10:26]} Rc7 {[%clk 0:33:36]} 24. Re1 {[%clk 1:00:27]} Kg7 {[%clk 0:26:45]}
25. Qd4 {[%clk 0:59:23]} Kf7 {[%clk 0:25:40]} 26. Qf4 {[%clk 0:55:19]} Kg8
{[%clk 0:24:45]} 27. Qd4 {[%clk 0:53:32]} b5 {[%clk 0:20:45]} 28. c3 {[%clk
0:47:25]} Kf7 {[%clk 0:16:59]} 29. g5 {[%clk 0:46:25]} Nh5 {[%clk 0:15:17]} 30.
Rh1 {[%clk 0:43:53]} Rc4 {[%clk 0:12:03]} 31. Qe3 {[%clk 0:43:03]} Rc5 {[%clk
0:08:06]} 32. Qe6+ {[%clk 0:42:26]} Kf8 {[%clk 0:07:24]} 33. Qd7 {[%clk
0:41:45]} a6 {[%clk 0:04:44]} 34. Qb7 {[%clk 0:41:15]} Rcc8 {[%clk 0:04:44]}
35. Re1 {[%clk 0:40:28]} Re8 {[%clk 0:04:31]} 36. Rxe7 {[%clk 0:40:34]} Rxe7
{[%clk 0:03:40]} 37. Qxa8+ {[%clk 0:40:59]} Kf7 {[%clk 0:03:31]} 38. Qxa6
{[%clk 0:41:02]} Ng3 {[%clk 0:00:34]} 39. Qxd6 {[%clk 0:40:50]} Nf5 {[%clk
0:00:33]} 40. Qf6+ {[%clk 0:40:26]} Kg8 {[%clk 0:00:33]} 41. Qb6 {[%clk
0:40:25]} Re3 {[%clk 0:28:44]} 42. Qxb5 {[%clk 1:10:30]} Rxf3 {[%clk 0:28:57]}
43. d6 {[%clk 1:10:25]} 1-0